[Event "RUS Cup U09 Girls final"]
[Site "Bryansk"]
[Date "2019.01.09"]
[Round "6"]
[White "Tsareva, Darya"]
[Black "Leonova, Arina"]
[Result "0-1"]
[WhiteElo "1130"]
[BlackElo "1167"]
[PlyCount "106"]
[EventDate "2019.01.04"]
[EventType "swiss"]
[EventRounds "7"]
[EventCountry "RUS"]
[SourceTitle "EXT 2021"]
[Source "ChessBase"]
[SourceDate "2020.10.23"]
[SourceVersion "1"]
[SourceVersionDate "2020.10.23"]
[SourceQuality "1"]

1. d4 d5 2. Bf4 Nf6 3. e3 e6 4. Nd2 Be7 5. Bd3 0-0 6. Ngf3 c5 7. c3 Nc6 8. h3 Bd7 9. 0-0 c4 10. Bc2 b5 11. e4 dxe4 12. Nxe4 Nxe4 13. Bxe4 Rc8 14. Qd2 a6 15. Ne5 Nxe5 16. Bxe5 Bc6 17. Bxc6 Rxc6 18. Rad1 Rc8 19. Qe2 Bf6 20. Rfe1 Bxe5 21. Qxe5 Qf6 22. Qxf6 gxf6 23. Re3 Rcd8 24. Rf3 f5 25. Re1 b4 26. Rd1 a5 27. Re3 Rd5 28. Re2 Re8 29. Rde1 Kg7 30. Re5 Red8 31. Kf1 Rxe5 32. Rxe5 Rd5 33. f4 Rxe5 34. dxe5 f6 35. Kf2 fxe5 36. fxe5 Kf7 37. Kf3 Ke7 38. Kf4 Kd7 39. Kg5 a4 40. a3 bxa3 41. bxa3 Kc6 42. Kf6 Kd5 43. g3 h6 44. h4 h5 45. Kg5 Kxe5 46. Kxh5 Kf6 47. g4 e5 48. g5+ Kg7 49. g6 f4 50. Kg5 f3 51. h5 f2 52. h6+ Kg8 53. h7+ Kg7 0-1

[Event "RUS Cup U09 Girls final"]
[Site "Bryansk"]
[Date "2019.01.05"]
[Round "2"]
[White "Korneva, Elizaveta"]
[Black "Tsareva, Darya"]
[Result "0-1"]
[WhiteElo "1341"]
[BlackElo "1130"]
[PlyCount "110"]
[EventDate "2019.01.04"]
[EventType "swiss"]
[EventRounds "7"]
[EventCountry "RUS"]
[SourceTitle "EXT 2021"]
[Source "ChessBase"]
[SourceDate "2020.10.23"]
[SourceVersion "1"]
[SourceVersionDate "2020.10.23"]
[SourceQuality "1"]

1. d4 Nf6 2. c4 c5 3. d5 b5 4. cxb5 a6 5. bxa6 g6 6. Nc3 Bg7 7. e4 Qa5 8. Bd2 Bxa6 9. Bxa6 Qxa6 10. Nge2 d6 11. 0-0 0-0 12. Re1 Nbd7 13. Ng3 Ne5 14. Qe2 Qxe2 15. Rxe2 Nc4 16. Bc1 Nd7 17. Rc2 Nde5 18. b3 Na3 19. Bxa3 Rxa3 20. Kf1 Nd3 21. Nge2 Rfa8 22. Rd2 Nb4 23. Rc1 Bh6 24. f4 Nxa2 25. Nxa2 Rxa2 26. Rcc2 Rxc2 27. Rxc2 Bg7 28. g3 Ra3 29. Nc1 Bd4 30. Ra2 Rxa2 31. Nxa2 Kf8 32. b4 c4 33. g4 Ke8 34. Kg2 Kd7 35. Kg3 h6 36. f5 g5 37. Kf3 Kc7 38. Ke2 Kb6 39. Kd2 Kb5 40. Kc2 Ka4 41. Nc1 Kxb4 42. Ne2 Be5 43. h3 c3 44. Ng1 Kc4 45. Ne2 f6 46. Ng1 Kd4 47. Nf3+ Kxe4 48. Nxe5 dxe5 49. Kxc3 Kxd5 50. Kd3 e4+ 51. Ke3 Ke5 52. Kf2 Kf4 53. Ke2 e3 54. Ke1 Kg3 55. Ke2 Kxh3 0-1

[Event "Wch U08 Girls blitz"]
[Site "Minsk"]
[Date "2018.06.24"]
[Round "8"]
[White "Smietanska, Wiktoria"]
[Black "Tsareva, Darya"]
[Result "0-1"]
[WhiteElo "1344"]
[BlackElo "1266"]
[PlyCount "114"]
[EventDate "2018.06.24"]
[EventType "swiss (blitz)"]
[EventRounds "9"]
[EventCountry "BLR"]
[SourceTitle "EXT 2019"]
[Source "ChessBase"]
[SourceDate "2018.10.10"]
[SourceVersion "1"]
[SourceVersionDate "2018.10.10"]
[SourceQuality "1"]

1. c4 e5 2. Nc3 Bb4 3. Qc2 Bxc3 4. Qxc3 Nc6 5. g3 d6 6. Bg2 Bd7 7. e3 Nf6 8. Ne2 Qe7 9. 0-0 0-0 10. Re1 Bg4 11. h3 Bxe2 12. Rxe2 Rfe8 13. Re1 Rab8 14. Rd1 h6 15. b3 e4 16. d3 exd3 17. Rxd3 Ne5 18. Rd1 Qd7 19. Bb2 Qe6 20. Qd2 Qf5 21. Qe2 Ne4 22. Bxe4 Qxe4 23. Bxe5 Qxe5 24. Qd3 Qe6 25. Kg2 Qf6 26. Rd2 Qxa1 27. Qc2 Qe5 28. Rd4 Rbd8 29. Kg1 Qf6 30. Qd2 Qe6 31. Kh2 Qg6 32. Rd3 Re5 33. f4 Re4 34. Qc2 Rxe3 35. Rc3 Qxc2+ 36. Rxc2 Rde8 37. Kg1 Re1+ 38. Kg2 R8e2+ 39. Rxe2 Rxe2+ 40. Kf3 Rxa2 41. b4 Rb2 42. g4 Rxb4 43. c5 dxc5 44. f5 c4 45. Ke3 a5 46. Kd4 a4 47. Kc3 Rb3+ 48. Kxc4 b5+ 49. Kd4 a3 50. Kc5 a2 51. Kc6 a1Q 52. Kxc7 Qa7+ 53. Kc6 Rc3+ 54. Kd5 Qd7+ 55. Ke4 Qc6+ 56. Ke5 f6+ 57. Kf4 Qc4# 0-1